000 00718nam a2200253Ia 4500
003 OSt
005 20221007110536.0
006 a|||||r|||| 00| 0
007 ta
008 221006b |||||||| |||| 00| 0 eng d
024 _a21,319
037 _cTextual
040 _aLCO
_cLCO
_beng
041 _2eng
_aeng
082 _aY:4:62.1, L0
100 _aBhushan Vidya
_9501263
245 0 _aPrison Administration in India Foreword by Dr. (Mrs.) Jyotsana H. Shah
260 _aDelhi
_bS. Chand & Co. India
_c1970
300 _a284
500 _aWith Special Reference to Uttar Pradesh
650 _aPRISON
_9707500
942 _hY:4:62.1, L0
_cTEXL
999 _c1190882
_d1190882